000 00898nmm a2200337 a 4500
003 AR-BaBNM
005 20251128202726.0
008 011101s1946 ||||||||||||||000 | spa||
040 _cAR-BaBNM
100 1 _aTobar García, Carolina
245 1 0 _aPsicología aplicada
_bpara maestros
250 _a1ª ed.
260 _aBuenos Aires
_bCiordia
_c1946
300 0 _a351 p.
_bgráfs.,tablas,il.
500 0 _aContiene apéndice de autores recomendados
650 4 _aPSICOLOGIA DE LA EDUCACION
650 4 _aPSICOLOGIA DEL NINO
650 4 _aPSICOLOGIA DEL ADOLESCENTE
650 4 _aPSICOLOGIA DEL DESARROLLO
650 4 _aAFECTIVIDAD
650 4 _aESCUELAS
650 4 _aINTELIGENCIA
650 4 _aMEMORIA
650 4 _aIMAGINACION
650 4 _aLENGUAJE
650 4 _aPERSONALIDAD
650 4 _aPSICOPATOLOGIA
653 0 _aPSICOPEDAGOGIA
942 _cBK
998 _cenrique
999 _c263
_d263